000 00331nam a22001457a 4500
008 210303b ||||| |||| 00| 0 eng d
020 _a9781256195412
041 _aeng
080 _25th
_a316
082 _a316
100 _a50
101 _aSOC
245 _aSociology A down-to-Earth Approach
_cHenslin, J.M
942 _2udc
_cBK
999 _c55647
_d55647